| 000 | 00820nam a2200265Ia 4500 | ||
|---|---|---|---|
| 003 | GCL | ||
| 008 | 140319s9999 xx 000 0 ara d | ||
| 040 |
_aGCL / _cGCL |
||
| 082 | 0 | 4 |
_a350 _bخ ا |
| 100 | 1 | _aخليل النقيب | |
| 245 | 1 | 0 |
_aالادارة التنموية للوطن العربى / _cخليل النقيب |
| 700 | 1 | _aحسن الحلبى (اعداد) | |
| 260 |
_a[S.N] : _bمعهد الانتماء العربى ، _c1978 |
||
| 300 | _a123 ص | ||
| 490 |
_aالدراسات الادارية _v0 |
||
| 650 | 0 | 4 | _aالعالم العربى |
| 650 | 0 | 4 | _aالادارة |
| 650 | 0 | 4 | _aالتخطيط |
| 650 | 0 | 4 | _aالتنظيم |
| 650 | 0 | 4 | _aالتنمية |
| 650 | 0 | 4 | _aتطوير |
| 650 | 0 | 4 | _aالتنمية الادارية |
| 650 | 0 | 4 | _aتقييم الاداء |
| 942 |
_2ddc _cBK |
||
| 999 |
_c36181 _d36181 |
||